The nineteenth and twentieth centuries, 1870-1940 /

Bibliographic Details
Main Author: Charvet, P. E. (Patrick Edward), 1903-
Format: Book
Language:English
Published: London : New York : Benn; Barnes & Noble, 1967.
Series:Literary history of France ; v. 5.
Subjects:

MARC

Tag First Indicator Second Indicator Subfields
LEADER 00000cam a22000001 4500
001 in00000174875
005 20151008084653.0
008 711012s1967 enk b 00010 eng
010 |a  67108646  
015 |a B67-19813 
035 |a (OCoLC)00712708 
035 |9 AAT9009AM 
037 |c 50/- 
040 |a DLC  |c DLC  |d TXA  |d UtOrBLW 
043 |a e-fr--- 
049 |a TXAM  |c [479246] 
050 0 |a PQ103  |b .L5 v. 5 
082 0 |a 840.9 
100 1 |a Charvet, P. E.  |q (Patrick Edward),  |d 1903- 
245 1 4 |a The nineteenth and twentieth centuries, 1870-1940 /  |c [by] P. E. Charvet. 
264 1 |a London :  |b Benn;  |a New York :  |b Barnes & Noble,  |c 1967. 
300 |a xvi, 315 pages ;  |c 23 cm. 
336 |a text  |b txt  |2 rdacontent 
337 |a unmediated  |b n  |2 rdamedia 
338 |a volume  |b nc  |2 rdacarrier 
490 1 |a A Literary history of France ;  |v v. 5 
504 |a Bibliography: pages 287-296. 
650 0 |a French literature  |y 19th century  |x History and criticism. 
650 0 |a French literature  |y 20th century  |x History and criticism. 
830 0 |a Literary history of France ;  |v v. 5. 
999 |a MARS 
999 f f |s affb20a8-c6cf-376b-9c97-f67f6f46aa3d  |i a0f59d6a-0197-3213-ac62-8bfbee4a0fab  |t 0 
952 f f |p ric  |a Texas A&M University  |b Rellis Campus  |c Joint Library Facility  |d Remote Storage  |t 0  |e PQ103 .L5 v. 5  |h Library of Congress classification  |i unmediated -- volume  |m A14803745313 
998 f f |a PQ103 .L5 v. 5  |t 0  |l Remote Storage